banner koha

Characterization of eight species of Aloe (Asphodelaceae) from the nucleolar organizing region (Registro n. 331838)

MARC details
000 -LÍDER
fixed length control field 03653nab a2200277 i 4500
003 - CÓDIGO MARC DA AGÊNCIA CATALOGADORA
Campo de controle BR-BrBNA
005 - DATA E HORA DA ÚLTIMA ATUALIZAÇÃO
Campo de controle 20250603135638.0
008 - CAMPO DE TAMANHO FIXO
fixed length control field 250531b2018 bl.qr|pooa||| 00| 0 eng |
040 ## - FONTE DA CATALOGAÇÃO
Agência catalogadora BR-BrBNA
Idioma da catalogação eng
072 ## - CATEGORIA AGRIS
Código AGRIS F30
100 ## - ENTRADA PRINCIPAL - NOME PESSOAL
Nome pessoal Sánchez-G., Ysbelia
100 ## - ENTRADA PRINCIPAL - NOME PESSOAL
Nome pessoal Raymúndez, María B.
100 ## - ENTRADA PRINCIPAL - NOME PESSOAL
Nome pessoal Imery, José
100 ## - ENTRADA PRINCIPAL - NOME PESSOAL
Nome pessoal Acosta, M. Cristina
100 ## - ENTRADA PRINCIPAL - NOME PESSOAL
Nome pessoal Moscone, Eduardo
245 ## - TÍTULO PRINCIPAL
Título principal Characterization of eight species of Aloe (Asphodelaceae) from the nucleolar organizing region
500 ## - NOTA GERAL
Nota geral Publicação on-line; 30 ref.; 1 tables; 3 illus.; Summaries (En, Pt)
942 ## - ADDED ENTRY ELEMENTS (KOHA)
Koha item type Analítica
520 ## - NOTA DE RESUMO
Nota de conteúdo <br/>Abstract<br/><br/>Nucleolar organizing region of eight species of Aloe was analyzed in somatic metaphases and interphase nuclei.<br/>All species showed a uniform 2n=14, with eight large chromosomes and six small chromosomes. Satellites were<br/>observed on the long arm of one or two pairs of large chromosomes and/or on the short arm of one of the small pairs.<br/>The silver-stained nucleolus organizing regions were located on the subtelomeric region of the long arm of one or<br/>two pairs of large chromosomes, except for Aloedichotoma and Aloe maculata, which the AgNORs were located<br/>at a short arm of one of their small chromosomes. In most studied species, the active AgNOR number was four.<br/>However, this number changing from one to eight. For all species, the interphase number of nucleoli can be one or<br/>two, while, in Aloeexcelsa, this number can be changing from one to eight. Polymorphism of active AgNORs and the<br/>number of interphase nucleoli were revealed, except for Aloepetricola, which active AgNORs were located only in<br/>the subtelomeric regions at the long arm of one of the L2 chromosomes, as well as in the L4 pair, which is agreement<br/>with the maximum number (three) of interphase nucleoli.<br/><br/>Key words: Aloe, AgNORs, nucleolar activity, silver-banding.<br/><br/><br/><br/><br/>Resumo<br/><br/>A região organizadora nucléica de oito espécies de Aloe foi analisada em metáfases somáticas e núcleos interfásicos.<br/>Todas as espécies apresentaram um número uniforme de 2n = 14, com oito cromossomos grandes e seis pequenos.<br/>Satélites foram observados no braço longo de um ou dois pares de cromossomos grandes e/ou no braço curto de um dos<br/>pares pequenos. As regiões organizadoras del nucléolo coradas com prata estavam localizadas na região subtelomérica<br/>do braço longo de um ou dois pares dos cromossomos grandes, exceto en Aloe dichotoma e Aloe maculata, em que<br/>os AgNORs estavan localizados em um braço curto de um de seus cromossomos pequenos. Na maioria das espécies<br/>estudadas, o número ativo de AgNOR era quatro. No entanto, esse número muda de um para oito. Para todas as<br/>espécies, o número de nucléolos na interfase pode ser um ou dois, enquanto, em Aloe excelsa, esse número pode estar<br/>mudando de um a oito. Polimorfismo de AgNORs ativos e o número de nucléolos em interfase foram revelados,<br/>exceto Aloe petricola, cujos AgNORs ativos estavam localizados apenas nas regiões subteloméricas no braço longo<br/>um dos cromossomos L2, bem como no par L4, concordando com o número máximo (três) de nucléolos em interfase.<br/><br/>Palavras-chave: Aloe, AgNORs, atividade nucleolar, bandeamento de prata.
650 ## - ASSUNTO - THESAGRO
Cabeçalho tópico ou nome geográfico ALOE VERA
650 ## - ASSUNTO - THESAGRO
Cabeçalho tópico ou nome geográfico CROMOSSOMA
650 ## - ASSUNTO - THESAGRO
Cabeçalho tópico ou nome geográfico PLANTA MEDICINAL
773 0# - ENTRADA ANALÍTICA
Host Biblionumber 709
Registro do item 350746
Imprenta Rio de Janeiro-RJ Jardim Botanico do Rio de Janeiro 1935
Outro identificador 2025-3371
Título Rodriguésia (Brazil)
ISSN 0370-6583; 2175-7860 on-line
Colação v. 69(2) p. 363-372; (2018)
Número de controle de registro BR2025001333
856 ## - ACESSO E ENDEREÇO ELETRÔNICO
Identificador uniforme de recurso - URI https://www.scielo.br/j/rod/a/wQRxgvrnyvSbRYzqCqtZPTB/?format=pdf&lang=en

Nenhum exemplar disponível.

BINAGRI

Telefone: (61)3218-2567/2388/3357/2097 - binagri@agro.gov.br

Ministério da Agricultura e Pecuária , Esplanada dos Ministérios, Bloco D, Anexo B, Brasília/DF, CEP: 70.043-900